000 00401nam a2200133Ia 4500
008 231129s2003||||xx |||||||||||||| ||spa||
020 _a958-33-4561-X
040 _bspa
082 _a371.144 E92e
245 0 _aLa evaluación del desempeño en el desarrollo profesional docente
260 _c2003
264 _aBogotá Colombia : Pedagógica
942 _2ddc
_cBKS
999 _c17065
_d17065